00889nam a2200205 a 45000010005000000030005000050050017000100080041000270400026000682450159000942600088002533000011003415000138003526500045004907000018005357000024005537000017005777100044005947100045006382267CDMR20130702094229.0130130s1937||||||||||||||||||||||||f |d aCDMRbcatcCPC LLEIDA03aLa presse catalaneb: depuis 1641 jusqu'a 1937cessai d'index par Joan Torrent ; avec la collaboration de Francesc Carbonell, Josep Monfort et Rafael Bori a[Barcelona]bCommissariat de Propagande de la Généralité de Catalognec[1937] a166 p. aA la coberta: Agrupació Professional de Periodistes, Barcelona - Palais International de la Presse, Exposition de Paris - MCMXXXVII04aPremsavDirectorisy1641-1937zCatalunya1 aTorrent, Joan1 aCarbonell, Francesc1 aBori, Rafael2 aAgrupació Professional de Periodistes1 aCatalunyab -- Comissariat de Propaganda